000 00319nam a22001217a 4500
020 _a1597490377
082 _222
_a658.4038
100 _aSnedaker, Susan.
245 _aHow to cheat at IT project management /
260 _aCanada,
_bSyngress Publishing Inc,
_cc2005.
300 _axxv, 565 p. ;
_bill. ;
942 _2ddc
_cMAG
999 _c4141
_d4141